<?xml version="1.0" encoding="UTF-8"?>
<record
    xmlns:xsi="http://www.w3.org/2001/XMLSchema-instance"
    xsi:schemaLocation="http://www.loc.gov/MARC21/slim http://www.loc.gov/standards/marcxml/schema/MARC21slim.xsd"
    xmlns="http://www.loc.gov/MARC21/slim">

  <leader>01411    a2200265   4500</leader>
  <controlfield tag="003">Nust</controlfield>
  <controlfield tag="005">20220804132635.0</controlfield>
  <datafield tag="020" ind1=" " ind2=" ">
    <subfield code="a">0-8247-5057-8</subfield>
  </datafield>
  <datafield tag="035" ind1=" " ind2=" ">
    <subfield code="a">(Uk)0824750578</subfield>
  </datafield>
  <datafield tag="040" ind1=" " ind2=" ">
    <subfield code="c">Nust</subfield>
  </datafield>
  <datafield tag="082" ind1="0" ind2="4">
    <subfield code="a">621.367,IMA</subfield>
  </datafield>
  <datafield tag="100" ind1=" " ind2=" ">
    <subfield code="a">Kiyoharu Aizawa, Katsuhiko Sakaue, Yasuhito Suenaga</subfield>
    <subfield code="9">96532</subfield>
  </datafield>
  <datafield tag="245" ind1="1" ind2="0">
    <subfield code="a">Image processing technologies :</subfield>
    <subfield code="b">algorithms, sensors and applications /</subfield>
    <subfield code="c">edited by Kiyoharu Aizawa, Katsuhiko Sakaue, Yasuhito Suenaga</subfield>
  </datafield>
  <datafield tag="260" ind1=" " ind2=" ">
    <subfield code="a">New York :</subfield>
    <subfield code="b">Marcel Dekker,</subfield>
    <subfield code="c">cop. 2004</subfield>
  </datafield>
  <datafield tag="300" ind1=" " ind2=" ">
    <subfield code="a">x, 282 p. :</subfield>
    <subfield code="b">ill.</subfield>
  </datafield>
  <datafield tag="440" ind1=" " ind2="0">
    <subfield code="a">Signal processing and communications,</subfield>
    <subfield code="v">23</subfield>
    <subfield code="9">95561</subfield>
  </datafield>
  <datafield tag="505" ind1=" " ind2=" ">
    <subfield code="a">Passive Range Sensing Techniques (Page-1), Optimization Approaches in Compute Vision and Image Processing (Page-27), Motion and Shape from Sequences of Images under Feature Correspondences (Page-55), Compression and Representation of 3D Images (Page-90), Omnidirectional Sensing and its Applications (Page-116), Computational Sensors (Page-142), Processing and Recognition of Face Images and its Applications (Page-162), Document Analysis and Recognition (Page-212), Recent Progress in Medical Image Processing (Page-233).</subfield>
  </datafield>
  <datafield tag="650" ind1=" " ind2="7">
    <subfield code="a">Bildbehandling</subfield>
    <subfield code="9">96525</subfield>
  </datafield>
  <datafield tag="650" ind1=" " ind2="7">
    <subfield code="a">Image processing</subfield>
  </datafield>
  <datafield tag="650" ind1=" " ind2="7">
    <subfield code="a">Telecommunication Engineering.</subfield>
  </datafield>
  <datafield tag="700" ind1="1" ind2=" ">
    <subfield code="a">Aizawa, Kiyoharu</subfield>
    <subfield code="4">edt</subfield>
    <subfield code="9">96533</subfield>
  </datafield>
  <datafield tag="700" ind1="1" ind2=" ">
    <subfield code="a">Sakaue, Katsuhiko</subfield>
    <subfield code="4">edt</subfield>
    <subfield code="9">96534</subfield>
  </datafield>
  <datafield tag="700" ind1="1" ind2=" ">
    <subfield code="a">Suenaga, Yasuhito</subfield>
    <subfield code="4">edt</subfield>
    <subfield code="9">96535</subfield>
  </datafield>
  <datafield tag="942" ind1=" " ind2=" ">
    <subfield code="c">REF</subfield>
    <subfield code="2">ddc</subfield>
  </datafield>
  <datafield tag="999" ind1=" " ind2=" ">
    <subfield code="c">193470</subfield>
    <subfield code="d">193470</subfield>
  </datafield>
  <datafield tag="952" ind1=" " ind2=" ">
    <subfield code="0">0</subfield>
    <subfield code="1">0</subfield>
    <subfield code="2">ddc</subfield>
    <subfield code="4">0</subfield>
    <subfield code="7">0</subfield>
    <subfield code="a">MCS</subfield>
    <subfield code="b">MCS</subfield>
    <subfield code="c">REF</subfield>
    <subfield code="d">2016-12-12</subfield>
    <subfield code="o">621.367,IMA</subfield>
    <subfield code="p">MCS30617</subfield>
    <subfield code="r">2016-12-08</subfield>
    <subfield code="w">2016-12-12</subfield>
    <subfield code="y">REF</subfield>
    <subfield code="z">Almirah No.20, Shelf No.5</subfield>
  </datafield>
</record>
